000 00570nam a2200181Ia 4500
008 151018s9999 xx 000 0 und d
082 _bRBASDV18123
_a891.463
100 _aचंद्रकांत काकोडकर
245 _aझंजावात
250 _b1
260 _bश्रीकांत
_c1985
300 _a132
600 _aचंद्रकांत काकोडकर
630 _aझंजावात
700 _aचंद्रकांत काकोडकर
730 _aझंजावात
942 _cBOOK
999 _c1018787
_d1018784